| 000 | 01097cam a2200277 4500 | ||
|---|---|---|---|
| 001 | ABS64252 | ||
| 008 | 010808n2001 000 0 eng u | ||
| 035 | _a(Sirsi) u114031 | ||
| 100 | _aEade, C. | ||
| 245 | _aSpecial report: business and science parks | ||
| 260 | _c2001 | ||
| 490 |
_aProperty Week _v66(30) 27 July 2001, 44-62(6) |
||
| 520 | _aArticles which look at universities seeking funding partners for science parks; report on how the US economic downturn is affecting business parks in the UK; examines the Brussels office market and how Highbridge Properties pulls in top tenants by providing information on the demographics around its business parks to prospective tenants. | ||
| 590 | _aABS | ||
| 650 | _aPROPERTY-COMMERCIAL PROPERTY-OFFICE PROPERTY-OFFICE PROPERTY MARKET | ||
| 650 | _aSCIENCE PARKS | ||
| 650 | _aBUSINESS PARKS | ||
| 650 | _aBRUSSELS | ||
| 650 | _aUNIVERSITIES | ||
| 650 | _aFUNDING | ||
| 650 | _aUS ECONOMY | ||
| 650 | _aOCCUPIERS | ||
| 690 | _aPROPERTY-COMMERCIAL PROPERTY-COMMERCIAL PROPERTY MARKET | ||
| 700 | _aCreasey, S. | ||
| 942 | _n0 | ||
| 999 |
_c67966 _d67966 |
||